Management : theory and practice

Bibliographic Details
Main Author: Cole, G. A. (Author)
Format: Book
Language:English
Published: London : Continuum 1996
Edition:Fifth Edition
Subjects:

MARC

LEADER 00000cam a2200000 7i4500
001 0000009684
005 20241004.0
008 011019 enka eng
020 |a 0826453910 
040 |a INS   |b eng   |e rda 
090 0 0 |a HD31   |b .C689 1996 
100 1 |a Cole, G. A. ,   |e author 
245 1 0 |a Management :   |b theory and practice   |c G. A. Cole 
250 |a Fifth Edition 
264 1 |a London :   |b Continuum   |c 1996 
300 |a xiv, 462 pages :   |b illustrations ;   |c 25 cm. 
336 |a text  |2 rdacontent 
337 |a unmediated  |2 rdamedia 
338 |a volume  |2 rdacarrier 
650 0 |a Management 
999 |a 0000008242   |b BOOK   |c Open Shelf   |e Default branch